000
00200 a2200097 4500
001
41174
100
_a
Nicolson, H
245
_a
Soem people
260
_a
London
_b
Pan books
_c
090
_c
25398
_d
25398
942
_a
NUST-CAE
_c
M
_c
17111
999
_c
276247
_d
276247